00346pam a2200145a 44500008004000000020000900040041000800049082000900057100001800066245004200084250000600126260005100132300000800183650000900191230515b144 xxu||||| |||| 00| 0 eng d aNULL aENG aN.D. aAtul jon rego aHow to develop a pleasing personality a0 aNULLb"Better your self books , mumbai, "c144 a144 aN.D.